Countries Visited by Bill Clinton - Statistics

General Stats
  • This quiz has been taken 66 times
  • The average score is 55 of 74
Answers on the Map
Answers color-coded by a green-red scale on the quiz's map according to % correct below.
 
Answer Stats
Year(s) Answer % Correct
1993,1995(2),1997,1999 Canada
98%
1997,1999 Mexico
98%
1994,1995,1996,1998,2000 Russia
98%
1994,1995,1996,1997,1999 France
95%
1994(2),1995,1997,1998(2),2000 United Kingdom
95%
1996 Australia
93%
1997 Brazil
93%
1998 China
93%
1994,1995,1998,1999(2),2000 Germany
93%
1995,1997 Spain
93%
2000 India
91%
1994(2),1996,1999(2) Italy
91%
1993,1996,1998,2000(2) Japan
91%
1999 Norway
91%
1997 Argentina
88%
1997 Denmark
88%
1995,1998,2000 Ireland
88%
1997 Netherlands
88%
1994,1997 Poland
88%
2000 Portugal
88%
1994,1995,2000 Ukraine
88%
1994,1999 Belgium
86%
1998 Chile
86%
2000 Colombia
86%
1999 Morocco
86%
1999 New Zealand
86%
1994 Saudi Arabia
86%
1993,1996,1998 South Korea
86%
1999 Turkey
86%
1996 Croatia
84%
1994 Czech Republic
84%
1994,1996,2000(2) Egypt
84%
1997 Finland
84%
1999 Greece
84%
1994,1995,1996,1998 Israel
84%
1998 South Africa
84%
1994,1998,1999,2000(2) Switzerland
84%
1997 Venezuela
81%
1996,1997,1999 Bosnia and Herzegovina
79%
1994 Indonesia
79%
1997 Romania
79%
1996 Thailand
79%
2000 Vietnam
79%
1994 Belarus
77%
2000 Pakistan
77%
1999 Bulgaria
74%
1994,1996 Hungary
74%
1999 Slovenia
74%
1997 Costa Rica
72%
1994,1999 Jordan
72%
1994,1996 Philippines
72%
1999 Guatemala
70%
2000 Nigeria
70%
2000 Oman
70%
1999 Honduras
67%
1994 Latvia
67%
1999 Nicaragua
67%
1994 Vatican City
63%
1995 Haiti
60%
1999 Kosovo
60%
1994 Syria
60%
2000 Bangladesh
58%
1999 El Salvador
58%
1998 Ghana
56%
1994 Kuwait
51%
1999 North Macedonia
51%
2000 Tanzania
51%
1998 Senegal
44%
1998 Botswana
37%
1998 Uganda
37%
1998 Rwanda
35%
1997 Barbados
21%
2000 Brunei
21%
1998 Palestine
7%
No matching quizzes found
Score Distribution
Percent of People with Each Score
Percentile by Number Answered
Your Score History
You have not taken this quiz